Upto date Memory IC data & Comparison Tables (Record no. 712)

MARC details
000 -LEADER
fixed length control field 00394nam a2200157Ia 4500
008 - FIXED-LENGTH DATA ELEMENTS--GENERAL INFORMATION
fixed length control field 221030s9999 xx 000 0 und d
020 ## - INTERNATIONAL STANDARD BOOK NUMBER
ISBN 8170298237
041 ## - LANGUAGE CODE
Language code of text/sound track or separate title
082 ## - DEWEY DECIMAL CLASSIFICATION NUMBER
Classification number 105.23
Item number ECA
100 ## - MAIN ENTRY--AUTHOR NAME
Personal name ECA / BPB
245 #0 - TITLE STATEMENT
Title Upto date Memory IC data & Comparison Tables
Statement of responsibility, etc by ECA / BPB
260 ## - PUBLICATION, DISTRIBUTION, ETC. (IMPRINT)
Name of publisher BPB Pub
Place of publication New Delhi
Year of publication 1997
300 ## - PHYSICAL DESCRIPTION
Number of Pages 3.928
650 ## - SUBJECT ADDED ENTRY--TOPICAL TERM
Topical Term BE Computer
942 ## - ADDED ENTRY ELEMENTS (KOHA)
Koha item type Books
Holdings
Accession Number Cost, normal purchase price Full call number Price effective from Koha item type Withdrawn / writtenoff status Materials specified (bound volume or other part) Damaged status Not for loan Collection code Permanent Location Current Location Shelving location Date acquired Lost/ Missing status department
BE 6861 270.00 105.23 ECA 10/30/2022 Books   Print   Not For Loan   MIET Library, Jammu MIET Library, Jammu BL-Second, FL-1, CUP-23, SH-1, R-1 06/27/2003   BE